Diccionario enciclopédico de educación (Registro nro. 12857)

Detalles MARC
000 -Cabecera
Campo de control interno 00447nam a2200181Ia 4500
005 - Fecha y hora del registro
control field 20260306163011.0
008 - Elementos de Longitud Fija
fixed length control field 260306t2003||||xx |||||||||||||| ||spa||
041 ## - Idioma
Codigo Idioma ESP
082 ## - DEWEY y NOTACIÓN INTERNA
Dewey RD 370.3
Notación Interna M26
100 ## - AUTOR
Autor denominación Grupo Editorial Ceac, S.A.
Término de relación autor
245 #0 - TÍTULO DE MATERIAL BIBLIOGRÁFICO
Título Diccionario enciclopédico de educación
260 ## - CIUDAD, EDITORIAL, AÑO
Año 2003
300 ## - DESCRIPCIÓN
N° Páginas 500 páginas :
Dimensiones 27 cm.
650 ## - TEMAS
Temas Generalidades
654 ## - PROGRAMAS
Programa Dpto. de Educación
942 ## - ELEMENTOS DE KOHA
Tipo de documento Diccionario
Nombre del creador Justo Noguera
Código de catalogador Justo Noguera
Esquema de clasificación Dewey Decimal Classification
Suppress in OPAC
Existencias
Codigo completo Registro Colección Copia número Disponibilidad Tipo de préstamo Biblioteca Actual Procedencia (Biblioteca) Ubicacón Fecha Ingreso Tipo de Adquisición Date last seen Total checkouts Price effective from Tipo de Item Estado del Material Fuente de Clasificación Damaged status Withdrawn status
RD 370.3 M26 U0017798 Universidad Católica San Pablo 1 Disponible Disponible Víctor Andrés Belaunde Víctor Andrés Belaunde Planta baja abierta 03/06/2026 Compra 06/03/2026   06/03/2026 Diccionario Bueno Dewey Decimal Classification